[Event "N4 Tournefeuille 2-CEIT 2"]
[Site "CEIT"]
[Date "2006.08.04"]
[Round "8.7"]
[White "Tarayre, Pascal"]
[Black "Le Fournier, Bastien"]
[Result "1-0"]
[WhiteElo "1865"]
[BlackElo "1895"]
[EventDate "2006.??.??"]
[PlyCount "83"]

1.e4 c5 2.Nf3 d6 3.d4 cxd4 4.Nxd4 Nf6 5.Nc3 g6 6.f3 Bg7 7.Be3 O-O 8.Bc4 
Nc6 9.Qd2 Bd7 10.O-O-O Qa5 11.Bb3 Rfc8 12.Kb1 Ne5 13.h4 Nc4 14.Bxc4 Rxc4 
15.Nb3 Qc7 16.Bd4 a5 17.h5 a4 18.Bxf6 exf6 19.hxg6 axb3 20.gxf7+ Kxf7 21.
cxb3 Rc6 22.Rxh7 Rh8 23.Rxh8 Bxh8 24.Rh1 Bg7 25.Nd5 Qc8 26.Rh7 Kg8 27.Rh1 
Qe8 28.Nb4 Rb6 29.Qd4 Qd8 30.Qd5+ Kf8 31.Nd3 Qe8 32.Nf4 Qf7 33.Qd4 Rc6 34.
Nh5 Bh8 35.Ng3 Kg8 36.Nf5 Qe6 37.Nh6+ Kf8 38.Nf5 Kg8 39.g4 Be8 40.Qd2 Bg6 
41.Qh6 Bxf5 42.Qxh8+ 1-0

[Event "N4 Tournefeuille 2-CEIT 2"]
[Site "CEIT"]
[Date "2006.08.04"]
[Round "8.6"]
[White "Bouhana, Paul-Alexandre"]
[Black "Wehmeier, Manuel"]
[Result "1-0"]
[WhiteElo "2012"]
[BlackElo "1950"]
[EventDate "2006.??.??"]
[PlyCount "59"]

1.d4 d5 2.Nf3 c6 3.c3 Nf6 4.Bf4 Bf5 5.e3 Nbd7 6.Nbd2 e6 7.h3 Be7 8.Nh4 Ne4
9.Nxf5 exf5 10.Bd3 O-O 11.O-O g6 12.f3 Nxd2 13.Qxd2 Bg5 14.e4 Bxf4 15.Qxf4
fxe4 16.fxe4 dxe4 17.Bxe4 f5 18.Bc2 Nf6 19.Rae1 Qd7 20.Qg5 Kg7 21.Bxf5 Qd5
22.Re5 Qf7 23.Bc2 Qd7 24.Bb3 h6 25.Qg3 Rae8 26.Bc2 g5 27.Qd3 Kg8 28.Qg6+ 
Qg7 29.Rxf6 Rb8 30.Rxf8+ 1-0

[Event "N4 Tournefeuille 2-CEIT 2"]
[Site "CEIT"]
[Date "2006.08.04"]
[Round "8.5"]
[White "Bottu, Eric"]
[Black "Dhorrne, Sebastien"]
[Result "1/2-1/2"]
[WhiteElo "1950"]
[BlackElo "2100"]
[EventDate "2006.??.??"]
[PlyCount "125"]

1.e4 d6 2.d4 Nf6 3.Nc3 g6 4.f4 Bg7 5.Nf3 O-O 6.Be2 c5 7.d5 b5 8.e5 dxe5 9.
fxe5 Ng4 10.Bf4 b4 11.Ne4 Nd7 12.O-O Qb6 13.Qd2 Ndxe5 14.c3 Bf5 15.Ng3 c4+
16.Kh1 Bd3 17.Nxe5 Nxe5 18.Bxe5 Bxe5 19.Bxd3 bxc3 20.bxc3 cxd3 21.Qxd3 
Rac8 22.Rac1 Qa5 23.c4 Qxa2 24.c5 Rfd8 25.Rfd1 Qa4 26.Ne4 f5 27.Ng5 Qf4 
28.Nf3 Bf6 29.Rc4 Qb8 30.Qe3 Kg7 31.Ng5 Bxg5 32.Qxg5 Qe5 33.Qd2 Kf7 34.h3 
a5 35.c6 a4 36.Rxa4 Rxc6 37.Qh6 Rcd6 38.Qxh7+ Kf6 39.Qh4+ Kf7 40.Re1 Qf6 
41.Qh7+ Kf8 42.Ra7 R6d7 43.Rxd7 Rxd7 44.Rb1 Qg7 45.Rb8+ Kf7 46.Qxg7+ Kxg7 
47.Rb5 Kf6 48.Kg1 Rd6 49.Kf2 Ra6 50.Rb2 g5 51.g3 Ra4 52.Rb6+ Kf7 53.Re6 
Ra2+ 54.Re2 Rxe2+ 55.Kxe2 Kf6 56.h4 f4 57.h5 fxg3 58.Kf3 g4+ 59.Kxg3 Kg5 
60.h6 Kxh6 61.Kxg4 Kg6 62.Kf4 Kf6 63.Ke4 1/2-1/2

[Event "N4 Tournefeuille 2-CEIT 2"]
[Site "CEIT"]
[Date "2006.08.04"]
[Round "8.4"]
[White "Fayette, Sylvain"]
[Black "Klimchand, Didier"]
[Result "1/2-1/2"]
[WhiteElo "2018"]
[BlackElo "2065"]
[EventDate "2006.??.??"]
[PlyCount "22"]

1.e4 c6 2.c4 d5 3.cxd5 cxd5 4.exd5 Nf6 5.Nc3 Nxd5 6.Qb3 Nb6 7.a4 Be6 8.
Qb5+ Bd7 9.Qb3 Be6 10.Qb5+ Bd7 11.Qb3 Be6 1/2-1/2

[Event "N4 Tournefeuille 2-CEIT 2"]
[Site "CEIT"]
[Date "2006.08.04"]
[Round "8.3"]
[White "De Barros, Frederic"]
[Black "Tesan, Michael"]
[Result "1/2-1/2"]
[WhiteElo "2074"]
[BlackElo "2070"]
[EventDate "2006.??.??"]
[PlyCount "148"]

1.d4 Nf6 2.Bg5 d5 3.Nc3 Bf5 4.f3 Nbd7 5.Nxd5 Nxd5 6.e4 h6 7.Bc1 Be6 8.exd5
Bxd5 9.c4 Be6 10.Bd3 c6 11.Ne2 Nf6 12.O-O g6 13.Be3 Bg7 14.Qc2 Qd7 15.Rfe1
Bf5 16.Bxf5 Qxf5 17.Qxf5 gxf5 18.Rad1 O-O 19.d5 cxd5 20.cxd5 Rfc8 21.Nc3 
Ne8 22.Bd4 Bxd4+ 23.Rxd4 Rc7 24.Nb5 Rd7 25.Rd2 a6 26.Nc3 Rad8 27.Re5 e6 
28.Rde2 Nc7 29.dxe6 fxe6 30.Na4 Rd5 31.Nc5 Rxe5 32.Rxe5 Rd1+ 33.Kf2 Rd2+ 
34.Re2 Rxe2+ 35.Kxe2 b5 36.f4 Kf7 37.g3 Ke7 38.b4 Kd6 39.a3 e5 40.fxe5+ 
Kxe5 41.Kf3 Kf6 42.Ke3 Ke5 43.Nd3+ Kd6 44.Kf4 Ke6 45.Nc5+ Kf6 46.g4 fxg4 
47.Kxg4 Kg6 48.Kf4 Kf6 49.Ke4 Kg5 50.Ke5 Kg4 51.Kd6 Ne8+ 52.Kc6 Kh3 53.
Nxa6 Kxh2 54.Nc5 h5 55.Ne4 h4 56.Kxb5 Kg2 57.Ng5 Nd6+ 58.Kc6 Ne4 59.Ne6 
Kg3 60.b5 h3 61.b6 h2 62.b7 h1=Q 63.b8=Q+ Kf2 64.Qf4+ Ke2 65.Nd4+ Kd3 66.
Nf3 Qh7 67.Ne1+ Kd4 68.Nc2+ Kd3 69.Nb4+ Kd4 70.a4 Qg6+ 71.Kb5 Qh5+ 72.Ka6 
Qg6+ 73.Kb5 Qh5+ 74.Ka6 Qg6+ 1/2-1/2

[Event "N4 Tournefeuille 2-CEIT 2"]
[Site "CEIT"]
[Date "2006.08.04"]
[Round "8.2"]
[White "Kramo, Sosthene"]
[Black "Laurain, Dominique"]
[Result "1-0"]
[WhiteElo "2070"]
[BlackElo "2035"]
[EventDate "2006.??.??"]
[PlyCount "43"]

1.e4 e6 2.d4 d5 3.Nc3 Bb4 4.e5 Ne7 5.Qg4 O-O 6.a3 Bxc3+ 7.bxc3 c5 8.Bd3 f5
9.Qh3 Nbc6 10.Nf3 Qa5 11.Bd2 Qa4 12.g4 cxd4 13.gxf5 dxc3 14.Be3 Nxf5 15.
Rg1 Bd7 16.Ng5 h6 17.Nf3 Ncd4 18.Nxd4 Nxd4 19.Rxg7+ Kxg7 20.Qxh6+ Kf7 21.
Qg6+ Ke7 22.Bg5+ 1-0

[Event "N4 Tournefeuille 2-CEIT 2"]
[Site "CEIT"]
[Date "2006.08.04"]
[Round "8.1"]
[White "Aguirre, Simon"]
[Black "Grill, Marc"]
[Result "1-0"]
[WhiteElo "2244"]
[BlackElo "2146"]
[EventDate "2006.??.??"]
[PlyCount "75"]

1.Nf3 d5 2.g3 Nf6 3.Bg2 c6 4.O-O Bf5 5.d3 e6 6.c4 h6 7.cxd5 cxd5 8.Nc3 Nc6
9.Qa4 Qd7 10.e4 Bh7 11.Rd1 Be7 12.e5 Ng8 13.Qg4 Bf8 14.Ne2 Bf5 15.Qf4 Nge7
16.g4 Bh7 17.Be3 Ng6 18.Qg3 Qc7 19.d4 O-O-O 20.Rac1 Kb8 21.a3 Qd7 22.Nc3 
Nge7 23.Na4 b6 24.Bd2 Kb7 25.Bf1 Nb8 26.Nc3 a6 27.b4 Nc8 28.Ne1 Be7 29.b5 
a5 30.Na4 Na7 31.Nc5+ bxc5 32.dxc5 Ka8 33.c6 Nbxc6 34.bxc6 Nxc6 35.Bb5 Rc8
36.Qc3 Kb7 37.Qb3 Nd4 38.Bc6+ 1-0

[Event "N4 Auch-Ste Foy"]
[Site "CEIT"]
[Date "2006.08.04"]
[Round "8"]
[White "Verges, Jean"]
[Black "Noll"]
[Result "0-1"]
[WhiteElo "1800"]
[BlackElo "1699"]
[EventDate "2006.??.??"]
[PlyCount "89"]

1.Nf3 c5 2.e3 g6 3.d4 cxd4 4.exd4 Bg7 5.Be2 d5 6.Bf4 Qb6 7.Nc3 Nf6 8.Nb5 
Na6 9.a4 Nh5 10.a5 Qd8 11.Bd2 Nc7 12.Ne5 Bxe5 13.dxe5 Nxb5 14.Bxb5+ Bd7 
15.Bxd7+ Qxd7 16.O-O O-O 17.f4 f5 18.Qe2 Ng7 19.Bb4 Rfc8 20.Rfd1 Ne6 21.
Qd2 Rc4 22.g3 Nd4 23.Qd3 Rxb4 24.c3 Rxb2 25.cxd4 Rc8 26.Rdc1 Rxc1+ 27.Rxc1
Qb5 28.Rc8+ Kf7 29.Qxb5 Rxb5 30.Rc7 Rxa5 31.Rxb7 Ra2 32.Rb5 Ke6 33.Rc5 a5 
34.Rc6+ Kd7 35.Rc5 e6 36.Kf1 a4 37.Ra5 a3 38.Ra7+ Kc6 39.Ra6+ Kb7 40.Rxe6 
Rxh2 41.Re7+ Kb6 42.Kg1 Rc2 43.Re6+ Kb5 44.Rd6 a2 45.Rxd5+ 0-1

[Event "N4 Auch-Ste Foy"]
[Site "CEIT"]
[Date "2006.08.04"]
[Round "8"]
[White "Pokee, Anne-Josèphe"]
[Black "Vialaret, Laurent"]
[Result "1-0"]
[WhiteElo "2002"]
[BlackElo "2083"]
[EventDate "2006.??.??"]
[PlyCount "77"]

1.e4 e5 2.Nf3 Nc6 3.d4 d6 4.dxe5 dxe5 5.Qxd8+ Kxd8 6.a3 f6 7.Be3 Be6 8.Nc3
Bd6 9.O-O-O Ke7 10.Nd5+ Kf7 11.Nd2 Bxd5 12.exd5 Nce7 13.Ne4 Nf5 14.c4 Nxe3
15.fxe3 f5 16.Ng5+ Kf6 17.h4 Nh6 18.Be2 Nf7 19.g4 Nxg5 20.hxg5+ Kxg5 21.
Rh5+ Kf6 22.Rxf5+ Ke7 23.b4 g6 24.Rf3 b6 25.Rh1 Raf8 26.Rfh3 Rf7 27.Bd3 
Kf6 28.Rh6 Rg7 29.Rf1+ Kg5 30.Rhh1 a5 31.c5 bxc5 32.bxa5 c4 33.Bxc4 Bxa3+ 
34.Kc2 Bc5 35.e4 Rf8 36.Rxf8 Bxf8 37.Be2 Bc5 38.Kd3 Kf4 39.a6 {Les noirs 
perdent au temps.} 1-0

[Event "N4 Auch-Ste Foy"]
[Site "CEIT"]
[Date "2006.08.04"]
[Round "8"]
[White "Moreau, Emilien"]
[Black "Devecchi, Jorge"]
[Result "1-0"]
[WhiteElo "1530"]
[BlackElo "1630"]
[EventDate "2006.??.??"]
[PlyCount "35"]

1.e4 e5 2.Nf3 Nc6 3.Bb5 Nf6 4.O-O Nxe4 5.d4 exd4 6.Re1 f5 7.Nxd4 Nxd4 8.
Qxd4 c6 9.Bd3 d5 10.f3 Qa5 11.Kf1 Bc5 12.Qe5+ Kf7 13.fxe4 fxe4 14.Rxe4 $3 
dxe4 15.Bc4+ Kf8 16.Qf4+ Bf5 17.Qxf5+ Ke7 18.Qf7+ 1-0

[Event "N4 Auch-Ste Foy"]
[Site "CEIT"]
[Date "2006.08.04"]
[Round "8"]
[White "Martin de la Moutte, Paul"]
[Black "Pokee, Michèle"]
[Result "1-0"]
[WhiteElo "1490"]
[BlackElo "1310"]
[EventDate "2006.??.??"]
[PlyCount "51"]

1.c4 e5 2.Nc3 Bb4 3.Nf3 Nc6 4.d4 Bxc3+ 5.bxc3 e4 6.Nd2 Nf6 7.Ba3 d6 8.d5 
Ne5 9.e3 O-O 10.h3 Re8 11.Nb3 b6 12.Nd4 Bd7 13.Qc2 a6 14.Be2 Qe7 15.Rb1 
Rab8 16.f4 Nd3+ 17.Bxd3 exd3 18.Qxd3 Qxe3+ 19.Qxe3 Rxe3+ 20.Kd2 Rbe8 21.
Ne6 Rxc3 22.Kxc3 Ne4+ 23.Kd4 fxe6 24.Kxe4 exd5+ 25.Kxd5 Re3 26.Rb3 1-0

[Event "N4 Auch-Ste Foy"]
[Site "CEIT"]
[Date "2006.08.04"]
[Round "8"]
[White "Lecureux"]
[Black "Rouede, Gilbert"]
[Result "1-0"]
[WhiteElo "1599"]
[BlackElo "1829"]
[EventDate "2006.??.??"]
[PlyCount "75"]

1.e4 c5 2.Nf3 d6 3.d4 cxd4 4.Nxd4 Nf6 5.Nc3 a6 6.Be2 e6 7.Be3 Be7 8.O-O 
Qc7 9.a4 O-O 10.Kh1 Nc6 11.f4 Bd7 12.Bf3 Nxd4 13.Bxd4 Bc6 14.a5 Nd7 15.Qe1
Rac8 16.Qg3 e5 17.Be3 Kh8 18.Bg4 Bf6 19.Rf3 Rce8 20.Bxd7 Qxd7 21.Rd1 Qe7 
22.f5 Rg8 23.Nd5 Bxd5 24.Rxd5 Qc7 25.Qf2 Rc8 26.c3 Be7 27.Rh3 Qc4 28.Qf3 
Rgf8 29.Rd1 f6 30.Qh5 Qg8 31.Qg6 Rfe8 32.Rd3 Bf8 33.Bc1 Rc4 34.Rh4 d5 35.
Rdh3 h6 36.Bxh6 gxh6 37.Rxh6+ Bxh6 38.Rxh6+ 1-0

[Event "N4 Auch-Ste Foy"]
[Site "CEIT"]
[Date "2006.08.04"]
[Round "8"]
[White "Join, Etienne"]
[Black "Lacresse, Régis"]
[Result "0-1"]
[WhiteElo "1800"]
[BlackElo "1860"]
[EventDate "2006.??.??"]
[PlyCount "56"]

1.e4 Nf6 2.e5 Nd5 3.c4 Nb6 4.d4 d6 5.f4 e6 6.Nf3 Be7 7.Be3 Bd7 8.Nc3 Nc6 
9.Bd3 Nb4 10.a3 Nxd3+ 11.Qxd3 Na4 12.Nd1 b5 13.b3 bxc4 14.bxc4 Rb8 15.O-O 
d5 16.Nc3 Nb2 17.Qe2 Nxc4 18.Nd2 Nxe3 19.Qxe3 c5 20.Rab1 Rxb1 21.Rxb1 cxd4
22.Qxd4 Qc7 23.Nb5 Bxb5 24.Rxb5 a6 25.Qa4 axb5 26.Qxb5+ Qd7 27.Qb8+ Bd8 
28.Qb4 Qa7+ 0-1

[Event "N4 Auch-Ste Foy"]
[Site "CEIT"]
[Date "2006.08.04"]
[Round "8"]
[White "Boulogne, Laurent"]
[Black "Golic, Nadil"]
[Result "0-1"]
[WhiteElo "1760"]
[BlackElo "1990"]
[EventDate "2006.??.??"]
[PlyCount "99"]

1.e4 c6 2.Nc3 e5 3.Nf3 d6 4.d4 Qc7 5.Be2 Bg4 6.O-O Nf6 7.Be3 Nbd7 8.Qd2 
Be7 9.Rfd1 O-O 10.Qe1 a6 11.dxe5 dxe5 12.a3 b5 13.h3 Bh5 14.Nd2 Bg6 15.g4 
Nc5 16.Bf3 Nfd7 17.Ne2 Bh4 18.Ng3 Rad8 19.b4 Ne6 20.c3 Nf4 21.Kh2 c5 22.c4
cxb4 23.cxb5 axb5 24.Rac1 Qb7 25.Ra1 bxa3 26.Rxa3 Nf6 27.Ra7 Qb8 28.Nb3 
Bxg3+ 29.fxg3 Nd3 30.Qc3 Bxe4 31.Bxe4 Nxe4 32.Qa5 Nb2 33.Rxd8 Rxd8 34.Qb4 
Nc4 35.Qe7 Rf8 36.Na5 Nxe3 37.Nc6 Qd6 38.Qxd6 Nxd6 39.Nxe5 Nec4 40.Nd3 Re8
41.Ra2 h6 42.Kg2 Re3 43.Nf4 Ne4 44.Nh5 Ra3 45.Re2 Ncd2 46.h4 b4 47.Kh3 b3 
48.Re3 b2 49.Rxa3 b1=Q 50.Ra8+ 0-1

[Event "N4 Auch-Ste Foy"]
[Site "CEIT"]
[Date "2006.08.04"]
[Round "8"]
[White "Blondelon, Paul"]
[Black "Ajdari, Emmanuel"]
[Result "1/2-1/2"]
[WhiteElo "1440"]
[BlackElo "1485"]
[EventDate "2006.??.??"]
[PlyCount "85"]

1.e4 c5 2.Nf3 e6 3.d4 cxd4 4.Nxd4 Qb6 5.Nb5 a6 6.N5c3 Bc5 7.Qd2 Qc7 8.Qg5 
g6 9.Be3 Be7 10.Qf4 Qxf4 11.Bxf4 Nf6 12.Be2 Nc6 13.O-O Nb4 14.Na3 d5 15.
exd5 Nfxd5 16.Nxd5 Nxd5 17.Bd2 b5 18.c4 bxc4 19.Nxc4 O-O 20.b3 Bd7 21.Rac1
Rfc8 22.Ne5 Be8 23.Rxc8 Rxc8 24.Nc4 Bb5 25.Rc1 Nb6 26.Kf1 Nxc4 27.Bxc4 
Bxc4+ 28.Rxc4 Rd8 29.Ke2 Kf8 30.f4 h6 31.g4 g5 32.fxg5 Bxg5 33.Bxg5 hxg5 
34.h3 Rd5 35.a4 a5 36.b4 axb4 37.Rxb4 Ra5 38.Kd2 f5 39.gxf5 exf5 40.Rb5 
Rxb5 41.axb5 Ke7 42.Ke3 Kd6 43.Kd4 1/2-1/2

[Event "Reg 1 - Cahors / Muret3"]
[Site "Cahors"]
[Date "2006.10.12"]
[Round "3.2"]
[White "Doyen, Jean-Michel"]
[Black "Thamier, Stephan"]
[Result "1-0"]
[WhiteElo "1649"]
[BlackElo "1900"]
[EventDate "2006.??.??"]
[PlyCount "59"]

1.d4 d5 2.Nf3 Nf6 3.c4 Bf5 4.e3 Bxb1 5.Rxb1 e6 6.a3 Be7 7.Bd3 c6 8.O-O 
Nbd7 9.cxd5 cxd5 10.Qe2 a6 11.Bd2 O-O 12.Ne5 Ne4 13.Bxe4 dxe4 14.f3 Nxe5 
15.dxe5 Qd3 16.Qe1 exf3 17.Rxf3 Rac8 18.Bc3 Qg6 19.Rd1 Rfd8 20.Rd4 Rxd4 
21.exd4 h6 22.Qe2 Qh5 23.Qe4 Rc7 24.d5 Bc5+ 25.Kh1 Bxa3 26.d6 Bxd6 27.exd6
Rd7 28.Be5 f6 29.Bg3 Qc5 30.Qxe6+ 1-0

[Event "Reg 1 - Cahors / Muret3"]
[Site "Cahors"]
[Date "2006.10.12"]
[Round "3.1"]
[White "Vivat, Alain"]
[Black "Sylvain, Christophe"]
[Result "1-0"]
[WhiteElo "1873"]
[BlackElo "1620"]
[EventDate "2006.??.??"]
[PlyCount "25"]

1.e4 Nc6 2.Nf3 e5 3.Bc4 Bc5 4.b4 Bxb4 5.c3 Ba5 6.d4 exd4 7.O-O Nge7 8.Ng5 
O-O 9.Qh5 h6 10.Nxf7 Rxf7 11.Bxf7+ Kf8 12.Bb3 Ng8 13.Qf7# 1-0

[Event "Reg 1 - Cahors / Muret3"]
[Site "Cahors"]
[Date "2006.10.12"]
[Round "3"]
[White "Van Hall, Pieter"]
[Black "Spanoudakis, Serge"]
[Result "1-0"]
[WhiteElo "1840"]
[BlackElo "1530"]
[EventDate "2006.??.??"]
[PlyCount "41"]

1.d4 Nf6 2.Bg5 Ne4 3.Bf4 d5 4.e3 e6 5.Bd3 Nf6 6.Nf3 Nbd7 7.c4 dxc4 8.Bxc4 
Bb4+ 9.Nbd2 Ne4 10.a3 Nxd2 11.Nxd2 Be7 12.O-O O-O 13.Rc1 Nf6 14.Bd3 c5 15.
Nf3 Qb6 16.Qc2 Rd8 17.dxc5 Bxc5 18.Be5 Bxe3 19.Bc7 Bxf2+ 20.Rxf2 Qe3 21.
Bxd8 1-0

[Event "Reg 1 - Cahors / Muret3"]
[Site "Cahors"]
[Date "2006.10.12"]
[Round "3"]
[White "Montreuille, Pierre"]
[Black "Grimmer, Eric"]
[Result "0-1"]
[WhiteElo "1530"]
[BlackElo "1549"]
[EventDate "2006.??.??"]
[PlyCount "68"]

1.Nf3 d6 2.d4 Nc6 3.b3 Bf5 4.a3 e6 5.Bb2 Nf6 6.e3 g6 7.c4 Bg7 8.h3 O-O 9.
Bd3 Ne4 10.O-O e5 11.Qc2 d5 12.cxd5 Qxd5 13.Bc4 Qd6 14.Bd3 Qd5 15.Nh4 Ne7 
16.f3 Ng3 17.e4 Qd7 18.Nxf5 gxf5 19.Rd1 exd4 20.Bc4 Nc6 21.Bb5 Qd6 22.exf5
a6 23.Bxc6 bxc6 24.a4 c5 25.Ba3 Qe5 26.Bxc5 Qe3+ 27.Kh2 Be5 28.Na3 Ne4+ 
29.Kh1 Nf2+ 30.Qxf2 Qxf2 31.Nc4 Bf4 32.Bxd4 Qg3 33.Bg1 Rfe8 34.Nd2 Re2 0-1

[Event "Reg 1 - Cahors / Muret3"]
[Site "Cahors"]
[Date "2006.10.12"]
[Round "3"]
[White "Heude, Jean-Noel"]
[Black "Houmeau, Dominique"]
[Result "0-1"]
[WhiteElo "1360"]
[BlackElo "1550"]
[EventDate "2006.??.??"]
[PlyCount "78"]

1.d4 d5 2.c4 e6 3.Nc3 Nf6 4.Bg5 Be7 5.e3 c6 6.Bd3 Nbd7 7.Nf3 O-O 8.O-O Re8
9.Qc2 h6 10.Bf4 Nb6 11.Ne5 Nbd7 12.Rfe1 Nf8 13.e4 dxe4 14.Bxe4 Qxd4 15.
Rad1 Qb6 16.Rd3 Bd7 17.Na4 Qa5 18.Nc3 Red8 19.Rg3 Nh5 20.Rf3 Nxf4 21.Rxf4 
Bf6 22.Bd3 Bxe5 23.Rfe4 Bxc3 24.bxc3 Be8 25.Re5 Qa3 26.c5 Rd5 27.R5e3 Qxc5
28.c4 Rd4 29.Qb2 b6 30.Re5 Qd6 31.Bf1 Ng6 32.R5e3 Rd8 33.Ra3 Rd7 34.Rc3 
Rd2 35.Qb1 Ne5 36.a4 Ng4 37.g3 Nxf2 38.Re2 Ng4 39.Re1 Qd4+ 0-1

[Event "Reg 1 - Cahors / Muret3"]
[Site "Cahors"]
[Date "2006.10.12"]
[Round "3"]
[White "Boschetti, Patrick"]
[Black "Rouqual, Guy"]
[Result "0-1"]
[WhiteElo "1499"]
[BlackElo "1770"]
[EventDate "2006.??.??"]
[PlyCount "80"]

1.e4 c6 2.Nf3 d5 3.Bd3 Bg4 4.h3 Bh5 5.c4 Nf6 6.Nc3 d4 7.Nb1 Nbd7 8.Qe2 Ne5
9.g4 Nxd3+ 10.Qxd3 Bg6 11.Qxd4 Bxe4 12.Qe3 h6 13.Nc3 Bxf3 14.Qxf3 Qd4 15.
d3 Rd8 16.Ke2 e6 17.Qe3 Bc5 18.Qxd4 Bxd4 19.Nd1 Nd7 20.Be3 Nc5 21.Rc1 Bxe3
22.fxe3 Nxd3 23.Rc3 Nc5 24.b3 Ne4 25.Rd3 Ng3+ 26.Kd2 Rxd3+ 27.Kxd3 Nxh1 
28.Kc3 Ke7 29.Kb4 Rd8 30.Nc3 Rd3 31.Ne4 b6 32.c5 Rxe3 33.Nc3 a5+ 34.Kc4 
b5+ 35.Kd4 Rxh3 36.Ne4 f6 37.Nd6 e5+ 38.Ke4 g6 39.Nc8+ Kd7 40.Nd6 Nf2# 0-1

[Event "REG 1 - Montech/Muret"]
[Site "Montech"]
[Date "2006.10.15"]
[Round "1"]
[White "Vuaillat, Jack"]
[Black "Costes, Laurent"]
[Result "1/2-1/2"]
[WhiteElo "1699"]
[BlackElo "1760"]
[EventDate "2006.??.??"]
[PlyCount "85"]

1.e4 d6 2.g3 Nf6 3.Nc3 g6 4.Bg2 Bg7 5.Nge2 c5 6.O-O Nc6 7.d3 O-O 8.Rb1 Rb8
9.h3 Bd7 10.Kh2 b5 11.f4 b4 12.Nd5 Nxd5 13.exd5 Nd4 14.Be3 Nxe2 15.Qxe2 
Re8 16.Qd2 Qc8 17.c4 bxc3 18.bxc3 Qc7 19.c4 Rxb1 20.Rxb1 Rb8 21.Rxb8+ Qxb8
22.Bf3 Qb2 23.Bd1 a5 24.g4 a4 25.Qxb2 Bxb2 26.Kg3 a3 27.h4 Kg7 28.Bd2 e6 
29.Bb3 exd5 30.cxd5 Bb5 31.Bc4 Ba4 32.g5 Bd1 33.Ba5 Kf8 34.Bc7 Ke7 35.Ba5 
f6 36.Bb5 fxg5 37.hxg5 Bg7 38.Kh4 Bd4 39.Kg3 Bb2 40.Kh4 Bc1 41.Kg3 Be3 42.
Bc3 Bc1 43.Ba5 1/2-1/2

[Event "REG 1 - Montech/Muret"]
[Site "Montech"]
[Date "2006.10.15"]
[Round "1"]
[White "Phan, Van-Chuong"]
[Black "Bengueneb, Smaïn"]
[Result "0-1"]
[WhiteElo "1890"]
[BlackElo "1699"]
[EventDate "2006.??.??"]
[PlyCount "148"]

1.Nf3 d5 2.c4 Nf6 3.cxd5 Nxd5 4.Nc3 Nc6 5.g3 e6 6.Bg2 Bd6 7.Nxd5 exd5 8.
Qb3 Ne7 9.d4 h6 10.Bd2 c6 11.Bb4 O-O 12.Bxd6 Qxd6 13.O-O Rb8 14.Rfc1 Be6 
15.a3 a6 16.Qb6 f6 17.b4 Qd7 18.e3 Nc8 19.Qc5 Nd6 20.Nd2 Rfc8 21.Qb6 Rd8 
22.Rc3 Bh3 23.Rac1 Bxg2 24.Kxg2 Nb5 25.Rb3 h5 26.a4 Nd6 27.f3 Qf7 28.h3 
Qg6 29.Qc5 Qg5 30.h4 Qg6 31.Nf1 Nf5 32.Kh3 Nh6 33.Qc2 Qf7 34.Nh2 f5 35.f4 
Qg6 36.Qe2 Kh8 37.Re1 Nf7 38.Nf3 Re8 39.Ng5 Nd6 40.Rc3 Re7 41.Kg2 Qe8 42.
Nf3 g6 43.Ne5 Kg7 44.Kf3 Re6 45.Rb1 Rc8 46.Rcb3 b5 47.a5 Nc4 48.Rc1 Qe7 
49.Rcc3 Qe8 50.Rc1 Qd8 51.Re1 Qc7 52.Qf2 Rf8 53.Nd3 Qc8 54.Ne5 Qe8 55.Nd3 
Re7 56.Nc5 Ra7 57.Nd3 Qe4+ 58.Ke2 Re8 59.Nc1 Qxd4 60.Rd1 Qe4 61.Rdd3 Rae7 
62.Qf3 Qe6 63.Kf2 Qf6 64.Ne2 Nb2 65.Rd4 Nc4 66.Rdd3 Qa1 67.Nd4 Nxe3 68.
Rxe3 Qxd4 69.Rd3 Qxb4 70.Qe2 Rxe3 71.Rxe3 Qc5 72.Kf3 Rxe3+ 73.Qxe3 Qxe3+ 
74.Kxe3 c5 0-1

[Event "REG 1 - Montech/Muret"]
[Site "Montech"]
[Date "2006.10.15"]
[Round "1"]
[White "Le Digabel, Patrick"]
[Black "Wacker, Antoine"]
[Result "1-0"]
[WhiteElo "1670"]
[BlackElo "1410"]
[EventDate "2006.??.??"]
[PlyCount "89"]

1.e4 e5 2.Nf3 f6 3.Bc4 Nh6 4.d3 d6 5.h3 Nc6 6.a3 g5 7.b4 a6 8.Nh2 Ne7 9.
Be3 Ng6 10.d4 Qe7 11.Nc3 c6 12.d5 Bd7 13.O-O b5 14.Bb3 Nf7 15.dxc6 Bxc6 
16.Nd5 Bxd5 17.Qxd5 Rc8 18.c4 Rb8 19.cxb5 Rxb5 20.Qc6+ Qd7 21.Bxf7+ Ke7 
22.Qxd7+ Kxd7 23.Bd5 Bh6 24.Ng4 Bg7 25.Rac1 h5 26.Nh2 Bh6 27.Bc6+ Ke6 28.
Bxb5 axb5 29.g3 h4 30.g4 Nf4 31.Bxf4 gxf4 32.Nf3 Ra8 33.Ra1 Ra6 34.Nxh4 
Bg5 35.Nf5 Kd7 36.h4 Bxh4 37.Nxh4 Ra8 38.Kg2 Rg8 39.f3 Ke6 40.Rad1 Rg5 41.
Nf5 Rxf5 42.exf5+ Kd7 43.Rc1 Kd8 44.Rfd1 Kd7 45.Rd5 1-0

[Event "REG 1 - Montech/Muret"]
[Site "Montech"]
[Date "2006.10.15"]
[Round "1"]
[White "Fora, Jean-Paul"]
[Black "Sauty, Francis"]
[Result "0-1"]
[WhiteElo "1650"]
[BlackElo "1310"]
[EventDate "2006.??.??"]
[PlyCount "114"]

1.c4 d6 2.Nc3 g6 3.b4 Nf6 4.Bb2 Bg7 5.Nf3 a6 6.e3 O-O 7.d4 Nbd7 8.Bd3 b6 
9.O-O Bb7 10.Nd2 c5 11.bxc5 bxc5 12.d5 Ne5 13.Be2 Qd7 14.Rb1 Rab8 15.Nce4 
Nxe4 16.Nxe4 f6 17.f4 Nf7 18.Nd2 e6 19.e4 Ba8 20.Qc2 Nh6 21.Bc3 Rfe8 22.
Rb3 exd5 23.cxd5 Qa7 24.Rfb1 c4+ 25.Kf1 cxb3 26.axb3 Qe3 27.Bd3 Qxf4+ 28.
Nf3 Ng4 29.Bd2 Ne3+ 30.Bxe3 Qxe3 31.Re1 Qb6 32.Rb1 a5 33.Nd2 Qd8 34.Nc4 
Bb7 35.Ra1 Ra8 36.Rb1 Ba6 37.Qc1 Bxc4 38.bxc4 Rb8 39.c5 Rxb1 40.Bxb1 dxc5 
41.Qxc5 Re5 42.Qc6 Bf8 43.Ba2 Bd6 44.Bb1 h5 45.Bd3 Kg7 46.Qb7+ Re7 47.Qb1 
Re5 48.Qb7+ Qe7 49.Qb1 a4 50.Kf2 a3 51.Kf3 Qa7 52.Bc4 Qc5 53.Qd3 f5 54.
exf5 Rxf5+ 55.Ke2 Qf2+ 56.Kd1 Qg1+ 57.Kc2 Qxg2+ 0-1

[Event "REG 1 - Montech/Muret"]
[Site "Montech"]
[Date "2006.10.15"]
[Round "1"]
[White "Desquines, Charles"]
[Black "Flourac, Jean-Paul"]
[Result "0-1"]
[WhiteElo "1380"]
[BlackElo "1660"]
[EventDate "2006.??.??"]
[PlyCount "98"]

1.e4 Nf6 2.e5 Nd5 3.c4 Nb6 4.Nf3 d6 5.d4 Nc6 6.d5 Nxe5 7.Nxe5 dxe5 8.Be2 
e6 9.Nc3 exd5 10.cxd5 Be7 11.O-O O-O 12.a4 a5 13.Be3 Nd7 14.Rc1 Nf6 15.Bf3
Bd6 16.Bg5 Bf5 17.g4 Bc8 18.Ne4 Be7 19.Bh4 Nxe4 20.Bxe7 Qxe7 21.Bxe4 f5 
22.gxf5 Bxf5 23.f3 Ra6 24.Bxf5 Rxf5 25.Kh1 Rd6 26.Qc2 Rf7 27.Rcd1 Qd7 28.
Qb3 Rb6 29.Qc3 Qe7 30.Rde1 Rf5 31.Qc2 Qf7 32.Qc3 Qe7 33.b3 Rb4 34.Rc1 Rf7 
35.Rce1 Rf5 36.Qd3 Qf7 37.Re4 Rxe4 38.Qxe4 Rf4 39.Qd3 e4 40.Qe2 Rxf3 41.
Rxf3 exf3 42.Qe6 Qxe6 43.dxe6 Kf8 44.Kg1 Ke7 45.Kf2 Kxe6 46.Kxf3 g5 47.h3 
h5 48.Ke4 b6 49.Kf3 Ke5 0-1

[Event "REG 1 - Montech/Muret"]
[Site "Montech"]
[Date "2006.10.15"]
[Round "1"]
[White "Auge, Jean"]
[Black "Rahal, Sami"]
[Result "0-1"]
[WhiteElo "1941"]
[BlackElo "1800"]
[EventDate "2006.??.??"]
[PlyCount "89"]

1.e4 b6 2.d4 Bb7 3.f3 e6 4.Be3 Nf6 5.Bd3 Be7 6.c4 c5 7.Ne2 cxd4 8.Bxd4 Nc6
9.Bf2 e5 10.Nbc3 O-O 11.a3 Rc8 12.Rc1 Na5 13.Nd5 Ba8 14.Nxe7+ Qxe7 15.b4 
Nb7 16.O-O d6 17.Qb3 Nd8 18.Nc3 Ne6 19.Nd5 Nxd5 20.cxd5 Nf4 21.Ba6 Qg5 22.
Bg3 Nh3+ 23.gxh3 Rxc1 24.Qd3 Rxf1+ 25.Kxf1 Qc1+ 26.Kg2 Qc7 27.f4 f6 28.h4 
Bb7 29.h5 Bxa6 30.Qxa6 h6 31.Kh3 Kh7 32.Qe2 Qd7+ 33.f5 Rc8 34.Qf3 Qc7 35.
Qg4 Qc1 36.a4 Qc4 37.a5 Qxb4 38.axb6 Qxb6 39.Bh4 Qe3+ 40.Bg3 a5 41.Kg2 a4 
42.h4 a3 43.Bf2 Qd3 44.Bg3 a2 45.Bxe5 0-1

[Event "R1-Blaye / Cahors"]
[Site "Blaye"]
[Date "2006.10.15"]
[Round "1"]
[White "Santoul, Pascal"]
[Black "Rouqual, Guy"]
[Result "0-1"]
[WhiteElo "1780"]
[BlackElo "1770"]
[EventDate "2006.??.??"]
[PlyCount "82"]

1.e4 c6 2.Nf3 d5 3.e5 Bg4 4.Be2 e6 5.d4 c5 6.c3 Nc6 7.Be3 Qb6 8.b3 Bxf3 9.
Bxf3 cxd4 10.Bxd4 Nxd4 11.Qxd4 Bc5 12.Qd2 a5 13.O-O Ne7 14.Qg5 Ng6 15.Bh5 
Qc7 16.Bxg6 hxg6 17.Nd2 Rh5 18.Qg3 Qxe5 19.Qxe5 Rxe5 20.Nf3 Re2 21.Nd4 
Bxd4 22.cxd4 Rd2 23.Rfd1 Rxd1+ 24.Rxd1 Rc8 25.Kf1 Rc2 26.a4 Rc3 27.Rb1 Rd3
28.b4 Ra3 29.bxa5 Rxa4 30.Rxb7 Rxa5 31.Rb3 Ra4 32.Rd3 g5 33.g3 g4 34.Kg2 
f5 35.h3 gxh3+ 36.Kxh3 Kf7 37.f4 Kf6 38.Kg2 g5 39.Kf3 Kg6 40.g4 gxf4 41.
gxf5+ Kxf5 0-1

[Event "R1-Blaye / Cahors"]
[Site "Blaye"]
[Date "2006.10.15"]
[Round "1"]
[White "Ponthieu"]
[Black "Gayraud, Christian"]
[Result "1-0"]
[WhiteElo "1499"]
[BlackElo "1520"]
[EventDate "2006.??.??"]
[PlyCount "39"]

1.e4 d5 2.exd5 Nf6 3.Nf3 Nxd5 4.Bc4 c6 5.O-O Bf5 6.d3 e6 7.c3 Bd6 8.Bg5 
Qc7 9.Nbd2 Nd7 10.Ne4 Bxe4 11.dxe4 N5b6 12.Bb3 Ne5 13.Nxe5 Bxe5 14.f4 Bd6 
15.Qd4 e5 16.fxe5 f6 17.Bxf6 gxf6 18.exd6 Qd7 19.Qxf6 Qg4 20.Qe7# 1-0

[Event "R1-Blaye / Cahors"]
[Site "Blaye"]
[Date "2006.10.15"]
[Round "1"]
[White "Olle, Jean-Pierre"]
[Black "Thamier, Stéphan"]
[Result "1/2-1/2"]
[WhiteElo "1860"]
[BlackElo "1900"]
[EventDate "2006.??.??"]
[PlyCount "52"]

1.e4 e5 2.Nf3 d6 3.d4 exd4 4.Nxd4 Nf6 5.Nc3 Be7 6.Bc4 Bd7 7.O-O O-O 8.f4 
Nc6 9.Nf3 Bg4 10.Be3 Qd7 11.Qd2 Rad8 12.Be2 Rfe8 13.Rad1 Qc8 14.Nd4 Bxe2 
15.Qxe2 Nxd4 16.Bxd4 c5 17.Be3 Bf8 18.Qf3 Qc6 19.e5 Qxf3 20.Rxf3 Ng4 21.h3
Nxe3 22.Rxe3 dxe5 23.Rxd8 Rxd8 24.Rxe5 g6 25.Kf1 b6 26.Rd5 Rd6 1/2-1/2